Museo Romántico : Hogar ochocentista : Sitges / Alberto del Castillo Hogar ochocentista :
Descripción Física:
102 p., [3] f., 1 map. pleg. : il. ; 22 cm
MARC
| LEADER | 00000nam a2200000Ia 4500 | ||
|---|---|---|---|
| 001 | 1915 | ||
| 008 | 160829s1951 xx 000 0 cat d | ||
| 080 | |a B-1-378 | ||
| 100 | 1 | |a Castillo, Alberto del, |d 1899-1976 |9 29407 | |
| 245 | |a Museo Romántico : |b Hogar ochocentista : |b Sitges / Alberto del Castillo | ||
| 260 | |a Barcelona : |b Diputación Provincial de Barcelona, |c 1951 | ||
| 300 | |a 102 p., [3] f., 1 map. pleg. : |b il. ; |c 22 cm | ||
| 650 | |a Museu Romàntic (Sitges) |x Guies |9 31881 | ||
| 650 | |a Museus |x Catalunya |x Guies |9 49099 | ||
| 710 | 1 | |a Barcelona (Catalunya : Província). |b Diputació |9 52408 | |
| 901 | |a Arxiu | ||
| 942 | |n 1 | ||
| 952 | |0 0 |1 0 |4 0 |6 B1378 |7 1 |9 45790 |a Arxiu |b Arxiu |d 2016-12-01 |l 0 |o B-1-378 |p 1915 |r 2016-12-01 00:00:00 |w 2016-12-01 |y ARXIU | ||
| 999 | |c 49290 |d 49290 | ||